[Event "FRA-ch U12 Girls"]
[Site "Le Grand Bornand"]
[Date "2007.04.??"]
[Round "1"]
[White "Fischer, Pauline"]
[Black "Griggio, Julie"]
[Result "0-1"]
[WhiteElo "1300"]
[BlackElo "1600"]
[PlyCount "82"]
[EventDate "2007.04.07"]
[EventType "swiss"]
[EventRounds "9"]
[EventCountry "FRA"]
[SourceTitle "CBM 118 Extra"]
[Source "ChessBase"]
[SourceDate "2007.07.04"]
[SourceVersion "1"]
[SourceVersionDate "2007.07.04"]
[SourceQuality "1"]

1. e4 e6 2. d4 d5 3. exd5 exd5 4. Nf3 Nf6 5. Be2 Bd6 6. Bg5 Nbd7 7. Nc3 h6 8. Bxf6 Nxf6 9. 0-0 0-0 10. Qd3 Re8 11. Rfe1 c6 12. Nh4 Ne4 13. Nf3 Bf5 14. Qd1 Bb4 15. a3 Nxc3 16. bxc3 Bxc3 17. Rb1 Bxe1 18. Nxe1 Qe7 19. Bf3 b6 20. h3 Qxa3 21. Rb3 Qe7 22. Kf1 Qxe1+ 23. Qxe1 Rxe1+ 24. Kxe1 Bxc2 25. Rb2 Bf5 26. g4 Bd7 27. Kd2 b5 28. Kc3 a5 29. Bd1 f5 30. Ra2 fxg4 31. hxg4 Kf7 32. f4 Kf6 33. Rf2 Ke7 34. Ra2 Kd6 35. f5 c5 36. dxc5+ Kxc5 37. Bc2 b4+ 38. Kb2 Bc6 39. Ba4 Bxa4 40. Rxa4 Kb5 41. Ra1 a4 0-1